Area de ciencias de la educación del CSUCA

Guardat en:
Dades bibliogràfiques
Autor corporatiu: CSUCA. Programa Centroamericano de Ciencias Sociales
Format: Text
Publicat: San José: CSUCA
Etiquetes: Afegir etiqueta
Sense etiquetes, Sigues el primer a etiquetar aquest registre!

MARC

LEADER 00000 a a2200000 04500
001 20451
003
040
090 |a 085700  
110 |a CSUCA. Programa Centroamericano de Ciencias Sociales  
245 |a Area de ciencias de la educación del CSUCA  
260 |a San José:   |b CSUCA  
300 |a 10 p.  
999 |c 4204  |d 4204